header

Wiederverwendung von Antike im Mittelalter (Record no. 117105)

MARC details
000 -LEADER
fixed length control field 02121nam a22004934a 4500
100 1# - MAIN ENTRY--AUTHOR NAME
Personal name Esch, Arnold.
245 10 - TITLE STATEMENT
Title Wiederverwendung von Antike im Mittelalter
260 ## - PUBLICATION, DISTRIBUTION, ETC. (IMPRINT)
Place of publication Berlin ;
-- New York :
Name of publisher De Gruyter,
Year of publication c2005.
300 ## - PHYSICAL DESCRIPTION
Number of Pages ix, 88 p. :
Other physical details ill.
490 1# - SERIES STATEMENT
Series statement Hans-Lietzmann-Vorlesungen ;
500 ## - GENERAL NOTE
General note Based on lectures given Dec. 3, 2003 in Jena and Dec. 4, 2003 in Berlin.
General note "Akademieunternehmen 'Griechische Christliche Schriftsteller' der Berlin-Brandenburgischen Akademie der Wissenschaften"--P. facing t.p.
650 #0 - SUBJECT ADDED ENTRY--TOPICAL TERM
Topical Term Architecture, Medieval.
Topical Term Architecture, Classical
Topical Term Sculpture, Classical
Topical Term Building materials
Topical Term Buildings
Topical Term Civilization, Medieval
Topical Term Middle Ages
Topical Term History, Ancient
Topical Term Archaeology and history.
Topical Term Spolia (archeologie)
856 40 - ELECTRONIC LOCATION AND ACCESS
Uniform Resource Identifier http://site.ebrary.com/lib/rucke/Doc?id=10197226

No items available.

© 2026 Rongo University
Contact us: librarian | system librarian | Rongo university